[Event "Titled Tuesday intern op 21st Mar Early"]
[Site "Chess.com INT"]
[Date "2023.03.21"]
[Round "5"]
[White "Szmyd, Arkadiusz"]
[Black "Castellanos Gomez, Alejandro"]
[Result "1-0"]
[WhiteElo "2059"]
[BlackElo "2277"]
[PlyCount "119"]
[EventDate "2023.03.21"]
[EventType "swiss (blitz)"]
[EventRounds "11"]
[EventCountry "USA"]
[SourceTitle "EXT 2024"]
[Source "ChessBase"]
[SourceDate "2023.10.10"]
[SourceVersion "1"]
[SourceVersionDate "2023.10.10"]
[SourceQuality "1"]

1. e4 e6 2. d4 d5 3. Nc3 Bb4 4. Nge2 dxe4 5. a3 Be7 6. Nxe4 Nf6 7. N2c3 Nbd7 8. Bd3 0-0 9. 0-0 Nxe4 10. Nxe4 Nf6 11. c3 Bd7 12. Nxf6+ Bxf6 13. Qh5 g6 14. Qf3 Bc6 15. Be4 Bxe4 16. Qxe4 c6 17. Bh6 Re8 18. Rfe1 Bg5 19. Bxg5 Qxg5 20. Qe5 Qe7 21. Re3 Rad8 22. Rae1 Rd5 23. Qe4 Qf6 24. Rf3 Qg7 25. Rfe3 Red8 26. g3 Qf6 27. Rf3 Qe7 28. Rfe3 Qc7 29. R3e2 Rf5 30. f4 Rfd5 31. Qe3 h5 32. Rd2 c5 33. Red1 Qd7 34. b4 b6 35. bxc5 bxc5 36. a4 Qxa4 37. dxc5 Qxd1+ 38. Rxd1 Rxd1+ 39. Kg2 Rc8 40. Qe5 Rd5 41. Qf6 Rdxc5 42. h3 Rxc3 43. g4 hxg4 44. hxg4 Rc2+ 45. Kg3 R8c3+ 46. Kh4 Rh2+ 47. Kg5 Rc5+ 48. f5 gxf5 49. Qd8+ Kh7 50. Qe7 fxg4+ 51. Qxc5 g3 52. Qe7 Rf2 53. Kg4 g2 54. Qh4+ Kg6 55. Qxf2 f5+ 56. Kf4 e5+ 57. Kxe5 Kg5 58. Qxg2+ Kh4 59. Kf4 a5 60. Qh2# 1-0

[Event "Titled Tuesday intern op 17th Jan Early"]
[Site "Chess.com INT"]
[Date "2023.01.17"]
[Round "2"]
[White "Castellanos Gomez, Alejandro"]
[Black "Kobalia, Mihail"]
[Result "0-1"]
[WhiteElo "2290"]
[BlackElo "2577"]
[PlyCount "88"]
[EventDate "2023.01.17"]
[EventType "swiss (blitz)"]
[EventRounds "11"]
[EventCountry "USA"]
[SourceTitle "CBM 212 Extra"]
[Source "ChessBase"]
[SourceDate "2023.03.31"]
[SourceVersion "1"]
[SourceVersionDate "2023.03.31"]
[SourceQuality "1"]

1. d4 d5 2. Bf4 c5 3. e3 cxd4 4. exd4 Nc6 5. c3 Nf6 6. Nd2 Bf5 7. Qb3 Na5 8. Qa4+ Bd7 9. Bb5 e6 10. Bg5 Nc6 11. Qd1 Be7 12. Ngf3 0-0 13. Bd3 a6 14. 0-0 Na5 15. Ne5 Bb5 16. Re1 Bxd3 17. Nxd3 b5 18. Ne5 Rc8 19. a4 b4 20. cxb4 Bxb4 21. Bxf6 Qxf6 22. Nd7 Qxd4 23. Nxf8 Qxd2 24. Qxd2 Bxd2 25. Re2 Nb3 26. Rd1 Kxf8 27. g3 Rc2 28. Kg2 Rxb2 29. h4 d4 30. h5 d3 31. Re4 Nc5 32. Rc4 Bb4 33. Kf3 a5 34. Ke3 d2 35. Ra1 Ke7 36. f3 e5 37. f4 exf4+ 38. gxf4 Kf6 39. Ke2 Kf5 40. Ke3 Rb3+ 41. Ke2 Ne4 42. Rg1 Ng3+ 43. Kf2 h6 44. Rd4 Bc5 0-1